[Event "GCT Cote d Ivoire Rapid 2019"]
[Site "Abidjan"]
[Date "2019.05.08"]
[Round "1.1"]
[White "Carlsen, Magnus"]
[Black "So, Wesley"]
[Result "1-0"]
[WhiteElo "2867"]
[BlackElo "2772"]
[Annotator "TA"]
[PlyCount "79"]
[EventDate "2019.05.05"]
[EventType "tourn"]
[SourceTitle "playchess.com"]
[Source "ChessBase"]
[SourceQuality "1"]

{[%evp 12,79,24,18,23,0,8,0,0,0,0,0,0,0,0,0,0,0,0,0,7,-28,-22,-24,-21,-44,-41,-37,-32,-35,-43,-29,-40,-29,-36,-41,-36,-35,-30,-41,-30,-31,-33,-26,-23,-13,-25,-35,0,-38,37,21,20,21,21,22,32,25,27,22,27,28,133,133,131,131,5065,5065,5065,5065]} 1. c4 e6 2. Nc3 d5 3. d4 Nf6 4. cxd5 Nxd5 5. e4 Nxc3 6. bxc3 c5 7. Rb1 Be7 {D35: Queen's Gambit Declined: Exchange Variation} 8. Nf3 O-O 9. Be2 (9. Bc4 Qc7 10. Qe2 a6 11. O-O b5 12. Bd3 Bb7 13. a4 bxa4 14. Bf4 Qc8 15. d5 exd5 16. exd5 {1-0 (29) Carlsen,M (2832)-So,W (2815) chess.com INT 2017}) 9... b6 {The position is equal.} 10. O-O Bb7 11. Qd3 Nd7 $146 {[%cal Bb8d7,Bd7f6,Bf6h5,Bh5f4][%mdl 32]} ({Predecessor:} 11... cxd4 12. cxd4 Ba6 13. Qe3 Bxe2 14. Qxe2 Qc7 15. d5 exd5 16. exd5 {1-0 (42) Gustafsson,J (2641)-Eichler,C (2315) Germany 2018}) 12. Re1 Rc8 13. Bf4 Nf6 14. Bd1 Nh5 15. Bd2 Qc7 16. Ng5 Nf4 17. Qg3 Ng6 18. Qg4 Bxg5 19. Bxg5 cxd4 20. cxd4 Qc3 {[%cal Rc3e1] [#]} 21. Bb3 Qxd4 22. Rbd1 Qe5 23. h4 {Threatening h5.} h6 24. Bc1 h5 25. Qg5 Qxg5 26. Bxg5 Rc7 27. f4 $1 Bc8 28. Rc1 Rb7 29. Rc3 Kh7 (29... Ne7 $5 {[%cal Rf7f6]} 30. e5 f6 31. exf6 gxf6 $15) 30. Rec1 {Threatens to win with f5.} Bd7 ({Black should play} 30... f6 $1 $15 31. Rxc8 Rxc8 32. Rxc8 fxg5 33. fxg5 Nxh4) 31. Rc7 Rxc7 32. Rxc7 f6 33. Rxd7 {aiming for g3.} fxg5 34. fxg5 {And now g3 would win.} Nxh4 35. Bxe6 $11 {KRB-KRN} Kg6 $1 36. Rxa7 Kxg5 (36... Rf4 $11 {keeps the balance.}) 37. Rxg7+ $16 Kf6 38. Rg8 Ng6 $2 {[%mdl 8192]} (38... Rxg8 $16 39. Bxg8 Ng6) 39. Rxf8+ $18 Nxf8 {[#]} 40. Bf5 $1 {Accuracy: White = 61%, Black = 69%.} 1-0

[Event "GCT Cote d Ivoire Rapid 2019"]
[Site "Abidjan"]
[Date "2019.05.08"]
[Round "1.2"]
[White "Nakamura, Hikaru"]
[Black "Vachier-Lagrave, Maxime"]
[Result "1-0"]
[WhiteElo "2805"]
[BlackElo "2792"]
[Annotator "TA"]
[PlyCount "103"]
[EventDate "2019.05.05"]
[EventType "tourn"]
[SourceTitle "playchess.com"]
[Source "ChessBase"]
[SourceQuality "1"]

{[%evp 9,103,0,7,-2,0,-9,12,12,12,8,14,20,20,9,9,4,20,20,24,17,22,20,19,18,16,16,16,16,12,16,18,35,38,24,24,18,19,0,13,6,40,45,47,37,38,48,66,66,66,65,67,58,69,72,88,97,83,86,106,96,100,107,107,108,109,113,170,140,161,144,139,148,185,185,174,172,146,147,191,167,225,225,225,218,213,203,336,333,385,322,29966,29967,29967,29967,29969,29970]} 1. e4 c5 2. Nc3 d6 3. d4 cxd4 4. Qxd4 Nc6 5. Qd2 Nf6 6. b3 {B23: Closed Sicilian: Lines without g3} e6 7. Bb2 d5 8. exd5 {The position is equal.} exd5 9. O-O-O {[%cal Rc3d5,Ba1d1,Bd1d2,Bd2e2][%mdl 32]} Be6 10. Kb1 $146 ({Predecessor:} 10. a3 Bc5 11. Nf3 {½-½ (49) Caruana,F (2819)-Vachier Lagrave,M (2773) Karlsruhe/Baden Baden 2019}) 10... Qa5 11. Nb5 Qxd2 12. Rxd2 {Strongly threatening Bxf6.} Ne4 13. Re2 $1 O-O-O 14. f3 a6 15. Nd4 Nxd4 16. Bxd4 Bc5 17. Bxc5 $1 ({Of course not} 17. Bxg7 Rhg8 $15) 17... Nxc5 18. Rd2 Rhe8 19. Ne2 Bf5 20. Kb2 Ne6 21. g4 Bg6 22. h4 {Hoping for h5.} h6 23. Bg2 d4 24. Rhd1 d3 25. cxd3 Nd4 26. Nxd4 Rxd4 27. Kc3 Red8 28. h5 $36 {[%mdl 2048] White is pushing.} Bh7 29. Bf1 $1 Rf4 30. Be2 f5 31. Rg1 Rd7 32. g5 Rh4 33. gxh6 gxh6 34. d4 Rxh5 35. Bc4 $1 {[%cal Rc4e6] Be6 is the strong threat.} Kc7 36. Rdg2 f4 37. Be6 Re7 (37... Rd6 $16) 38. Rg7 $18 Kd6 39. Rxe7 Kxe7 {[%mdl 4096] Endgame KRB-KRB} 40. Bc8 {aiming for Rg7+.} Bf5 41. Bxf5 Rxf5 {KR-KR} 42. Rg7+ Kf6 43. Rxb7 h5 44. Kc4 Kg6 (44... Rg5 {is a better defense.}) 45. d5 h4 46. d6 h3 {[#] And now ...h2 would win.} 47. Re7 $1 {Threatens to win with d7.} Rf8 {[#]} (47... h2 $142 48. Re1 Rf7) 48. Kd5 $1 Rh8 {Threatening ...h2.} 49. Re1 Kg5 $2 (49... h2 $18 50. Rh1 Kf7) 50. d7 {White mates.} Rd8 51. Kc6 Kh4 52. Re8 {Accuracy: White = 91%, Black = 56%.} 1-0

[Event "GCT Cote d Ivoire Rapid 2019"]
[Site "Abidjan"]
[Date "2019.05.08"]
[Round "1.3"]
[White "Amin, Bassem"]
[Black "Ding, Liren"]
[Result "0-1"]
[WhiteElo "2683"]
[BlackElo "2786"]
[Annotator "ChessBase"]
[PlyCount "154"]
[EventDate "2019.05.05"]
[EventType "tourn"]
[SourceTitle "playchess.com"]
[Source "ChessBase"]
[SourceQuality "1"]
[TimeMode "Bronstein"]
[TimeControl "1500+10"]

1. e4 {[%emt 0:00:00]} e5 {[%emt 0:00:00]} 2. Nf3 {[%emt 0:00:00]} Nc6 {[%emt 0:00:00]} 3. Bb5 {[%emt 0:00:00]} a6 {[%emt 0:00:00]} 4. Ba4 {[%emt 0:00:00]} Nf6 {[%emt 0:00:00]} 5. O-O {[%emt 0:00:00]} Be7 {[%emt 0:00:00]} 6. Re1 {[%emt 0:00:00]} b5 {[%emt 0:00:00]} 7. Bb3 {[%emt 0:00:00]} O-O {[%emt 0:00:00]} 8. a4 {[%emt 0:00:00]} b4 {[%emt 0:00:00]} 9. d4 {[%emt 0:00:00]} d6 {[%emt 0:00:00]} 10. dxe5 {[%emt 0:00:00]} Nxe5 {[%emt 0:00:00]} 11. Nbd2 {[%emt 0:00:00]} Nfd7 {[%emt 0:00:55]} 12. Nd4 {[%emt 0:00:00]} Bb7 {[%emt 0:01:10]} 13. Bd5 {[%emt 0:00:00]} c6 {[%emt 0:00:35]} 14. Ba2 {[%emt 0:00:00]} Re8 {[%emt 0:00:16]} 15. f4 {[%emt 0:00:05]} Ng6 {[%emt 0:00:12]} 16. c3 {[%emt 0:01:04]} d5 {[%emt 0:01:07]} 17. N2f3 {[%emt 0:00:10]} Bf8 {[%emt 0:02:46]} 18. e5 {[%emt 0:00:52]} c5 {[%emt 0:00:44]} 19. Nf5 {[%emt 0:01:25]} c4 {[%emt 0:00:10]} 20. N5d4 {[%emt 0:02:00]} Nc5 {[%emt 0:05:51]} 21. f5 {[%emt 0:02:59]} Nh4 {[%emt 0:00:10]} 22. Ng5 {[%emt 0:01:04]} h6 {[%emt 0:00:10]} 23. Qh5 {[%emt 0:03:41]} hxg5 {[%emt 0:02:20]} 24. Bxg5 {[%emt 0:00:10]} Qc7 {[%emt 0:00:10]} 25. Qxh4 {[%emt 0:02:28]} Rxe5 {[%emt 0:00:10]} 26. Bf4 {[%emt 0:02:49]} Qe7 {[%emt 0:01:31]} 27. Bg5 {[%emt 0:02:19]} f6 {[%emt 0:01:01]} 28. Rxe5 {[%emt 0:00:10]} Qxe5 {[%emt 0:00:10]} 29. Bf4 {[%emt 0:00:10]} Qe8 {[%emt 0:00:39]} 30. Re1 {[%emt 0:01:17]} Qxa4 {[%emt 0:00:10]} 31. Bb1 {[%emt 0:00:10]} Re8 {[%emt 0:01:59]} 32. Ne6 {[%emt 0:00:23]} bxc3 {[%emt 0:00:35]} 33. bxc3 {[%emt 0:00:49]} Nd3 {[%emt 0:00:14]} 34. Bxd3 {[%emt 0:01:18]} cxd3 {[%emt 0:00:10]} 35. Qg3 {[%emt 0:01:50]} d4 {[%emt 0:00:26]} 36. cxd4 {[%emt 0:00:57]} Qc2 {[%emt 0:00:28]} 37. Qf2 {[%emt 0:00:11]} Bb4 {[%emt 0:01:28]} 38. Rc1 {[%emt 0:00:10]} d2 {[%emt 0:00:21]} 39. Bxd2 {[%emt 0:00:11]} Qxd2 {[%emt 0:00:10]} 40. Qxd2 {[%emt 0:00:10]} Bxd2 {[%emt 0:00:10]} 41. Rc7 {[%emt 0:00:10]} Bd5 {[%emt 0:00:10]} 42. Rxg7+ {[%emt 0:00:10]} Kh8 {[%emt 0:00:10]} 43. Rd7 {[%emt 0:00:10]} Bxe6 {[%emt 0:00:10]} 44. fxe6 {[%emt 0:00:10]} Rxe6 {[%emt 0:00:10]} 45. d5 {[%emt 0:00:10]} Rb6 {[%emt 0:00:19]} 46. d6 {[%emt 0:00:10]} a5 {[%emt 0:02:13]} 47. Kf2 {[%emt 0:00:10]} Bb4 {[%emt 0:00:10]} 48. Rd8+ {[%emt 0:00:10]} Kg7 {[%emt 0:00:10]} 49. d7 {[%emt 0:00:10]} Rd6 {[%emt 0:00:10]} 50. h4 {[%emt 0:00:10]} Rd4 {[%emt 0:00:18]} 51. h5 {[%emt 0:00:10]} Be7 {[%emt 0:00:10]} 52. Ra8 {[%emt 0:00:10]} a4 {[%emt 0:00:22]} 53. Ra7 {[%emt 0:00:10]} Kh6 {[%emt 0:00:10]} 54. Ke3 {[%emt 0:00:10]} Rd1 {[%emt 0:00:10]} 55. Rxa4 {[%emt 0:00:10]} Rxd7 {[%emt 0:00:10]} 56. g4 {[%emt 0:00:10]} Rd5 {[%emt 0:00:10]} 57. Ke4 {[%emt 0:00:10]} Re5+ {[%emt 0:00:10]} 58. Kf4 {[%emt 0:00:10]} Bc5 {[%emt 0:00:10]} 59. Ra8 {[%emt 0:00:10]} Be3+ {[%emt 0:00:10]} 60. Kf3 {[%emt 0:00:10]} Bg5 {[%emt 0:00:10]} 61. Rg8 {[%emt 0:00:10]} Kh7 {[%emt 0:00:10]} 62. Ra8 {[%emt 0:00:10]} Re3+ {[%emt 0:00:10]} 63. Kf2 {[%emt 0:00:10]} Rb3 {[%emt 0:00:10]} 64. Rc8 {[%emt 0:00:10]} Bh4+ {[%emt 0:00:10]} 65. Ke2 {[%emt 0:00:10]} Rg3 {[%emt 0:00:10]} 66. Rc4 {[%emt 0:00:10]} Kh6 {[%emt 0:00:10]} 67. Ra4 {[%emt 0:00:10]} Kg5 {[%emt 0:00:10]} 68. Ra5+ {[%emt 0:00:10]} Kxg4 {[%emt 0:00:10]} 69. h6 {[%emt 0:00:10]} Bg5 {[%emt 0:00:22]} 70. Ra4+ {[%emt 0:00:10]} Bf4 {[%emt 0:00:10]} 71. h7 {[%emt 0:00:10]} Rh3 {[%emt 0:00:10]} 72. Ra7 {[%emt 0:00:10]} f5 {[%emt 0:00:20]} 73. Kf2 {[%emt 0:00:10]} Be5 {[%emt 0:00:12]} 74. Kg2 {[%emt 0:00:10]} Rh2+ {[%emt 0:00:10]} 75. Kg1 {[%emt 0:00:10]} Rh6 {[%emt 0:00:10]} 76. Re7 {[%emt 0:00:10]} Bf6 {[%emt 0:00:10]} 77. Rf7 {[%emt 0:00:10]} Kg5 {[%emt 0:00:10]} 0-1

[Event "GCT Cote d Ivoire Rapid 2019"]
[Site "Abidjan"]
[Date "2019.05.08"]
[Round "1.4"]
[White "Karjakin, Sergey"]
[Black "Nepomniachtchi, Ian"]
[Result "1/2-1/2"]
[WhiteElo "2773"]
[BlackElo "2776"]
[Annotator "TA"]
[PlyCount "59"]
[EventDate "2019.05.05"]
[EventType "tourn"]
[SourceTitle "playchess.com"]
[Source "ChessBase"]
[SourceQuality "1"]

{[%evp 25,59,35,17,0,0,0,0,0,0,0,0,0,0,0,0,0,0,0,0,0,0,0,0,0,0,0,0,0,0,0,0,0,0,0,0,0]} 1. e4 c5 2. Nf3 d6 3. d4 cxd4 4. Nxd4 Nf6 5. Nc3 a6 6. Bg5 e6 7. f4 h6 8. Bh4 Be7 9. Qf3 g5 10. fxg5 Nfd7 11. Nxe6 fxe6 12. Qh5+ Kf8 13. Bb5 Rh7 14. O-O+ {The position is equal. B98: Sicilian Najdorf: 6 Bg5 e6 7 f4 Be7, sidelines} Kg8 {[%cal Rh6g5]} 15. g6 Rg7 $1 16. Rf7 Bxh4 17. Qxh6 {[%csl Gf7][%cal Rh6g7]} Rxf7 18. gxf7+ {[%mdl 64] [#] Discovered Attack} Kxf7 {aiming for ...Qg5.} 19. Rf1+ Bf6 $1 {[#]} 20. e5 $146 ({Predecessor:} 20. Qh7+ Ke8 21. Qg6+ Kf8 {½-½ (33) Zhigalko,S (2649)-Safarli,E (2645) Nakhchivan 2012}) 20... dxe5 21. Ne4 $1 Qb6+ $1 22. Kh1 {[%cal Rf1f6]} axb5 23. Nxf6 {[#] Qh7+ would kill now.} Ke7 24. Qg7+ Kd8 $1 (24... Kd6 $6 25. Rd1+ Kc7 26. Ne8+ Kd8 27. Rd6 $14) 25. Qg8+ Kc7 26. Ne8+ $1 Kd8 $1 (26... Kc6 $2 27. Qxe6+ Kc5 28. Qe7+ Kc4 29. Nd6+ Kd5 30. Rd1+ Kc6 31. Ne8 $18 (31. Nxc8 Qc5 $16)) 27. Nd6+ Kc7 28. Ne8+ $1 Kd8 $1 {Hoping for ...Nc6.} ({Avoid the trap} 28... Kc6 $2 29. Qxe6+ Kc5 30. Qe7+ Kc4 31. Nd6+ {[%mdl 64] Double Attack} Kd5 32. Rd1+ Kc6 33. Ne8 $18 (33. Nxc8 Qc5 $16)) 29. Ng7+ Kc7 30. Ne8+ ({Much worse is} 30. Nxe6+ Kd6 $17) 1/2-1/2

[Event "GCT Cote d Ivoire Rapid 2019"]
[Site "Abidjan"]
[Date "2019.05.08"]
[Round "1.5"]
[White "Topalov, Veselin"]
[Black "Wei, Yi"]
[Result "1/2-1/2"]
[WhiteElo "2736"]
[BlackElo "2737"]
[Annotator "TA"]
[PlyCount "65"]
[EventDate "2019.05.05"]
[EventType "tourn"]
[SourceTitle "playchess.com"]
[Source "ChessBase"]
[SourceQuality "1"]

{[%evp 13,65,7,9,10,6,0,14,9,9,21,18,10,34,14,32,31,36,20,34,0,0,-61,0,0,0,0,0,0,0,0,0,0,0,0,0,0,0,0,2,0,0,0,0,0,0,0,12,0,0,0,6,0,0,0]} 1. e4 e5 2. Nf3 Nf6 3. Nxe5 d6 4. Nf3 Nxe4 5. Nc3 Nxc3 6. dxc3 Be7 7. Be3 O-O 8. Bd3 {C42: Petroff Defence: 3 Nxe5 and unusual White 3rd moves} Nd7 9. Qe2 Nc5 10. Bxc5 dxc5 11. O-O-O {[#] Threatens to win with Bxh7+!} Bd6 $1 12. Rhe1 Qf6 13. Kb1 Be6 {[#]} 14. Nd2 $146 ({Predecessor:} 14. Qe3 Rfe8 15. Qg5 Be7 16. Qg3 Bd6 17. Qg5 Be7 18. Qg3 Bd6 19. Qg5 {½-½ (19) Radjabov,T (2761)-Topalov,V (2796) Nice 2009}) 14... Rae8 {[#] White must now prevent ...Bxa2+!} 15. Ne4 Qh6 16. Qf3 Bd5 {Strongly threatening ...c4.} 17. Qf5 (17. Nf6+ $1 $11 Qxf6 18. Qxd5) 17... Be6 (17... Bc6 $1 $15) 18. Qg5 $11 {The position is equal.} Qxg5 19. Nxg5 g6 20. Nxe6 Rxe6 21. g3 Rfe8 22. Rxe6 Rxe6 {[%mdl 4096] Endgame KRB-KRB} 23. Bc4 Re4 24. Bd5 Re2 25. Rf1 $1 b6 26. Bf3 Re5 27. Kc1 c4 28. Kd2 Ra5 29. a3 Rb5 30. Kc1 Re5 31. Kd2 Rb5 32. Kc1 Re5 33. Kd2 {Accuracy: White = 74%, Black = 63%.} 1/2-1/2

[Event "GCT Cote d Ivoire Rapid 2019"]
[Site "Abidjan"]
[Date "2019.05.08"]
[Round "2.1"]
[White "Vachier-Lagrave, Maxime"]
[Black "Ding, Liren"]
[Result "1/2-1/2"]
[WhiteElo "2792"]
[BlackElo "2786"]
[Annotator "TA"]
[PlyCount "71"]
[EventDate "2019.05.05"]
[EventType "tourn"]
[SourceTitle "playchess.com"]
[Source "ChessBase"]
[SourceQuality "1"]

{[%evp 11,71,-4,8,6,14,12,13,0,11,0,1,3,0,-23,-19,-18,-26,-23,-23,-47,0,0,43,41,36,27,18,11,11,9,5,3,33,15,45,45,46,40,47,42,49,58,50,16,16,12,19,12,22,22,18,14,22,8,22,7,23,5,6,0,0,0]} 1. Nf3 d5 2. g3 g6 3. Bg2 Bg7 4. d4 Nf6 5. O-O O-O 6. Nbd2 a5 7. b3 {D02: 1 d4 d5 2 Nf3 sidelines, including 2...Nf6 3 g3 and 2...Nf6 3 Bf4} a4 8. Ba3 Re8 $146 ({Predecessor:} 8... Ne4 9. Nxe4 dxe4 10. Ne5 f6 11. Nc4 f5 12. e3 Nc6 13. f4 b5 14. Ne5 Bxe5 15. fxe5 {1-0 (45) Vachier Lagrave,M (2811)-Ragger,M (2700) Germany 2017}) 9. e3 Bf5 10. c4 c6 11. Qe2 Nbd7 12. Rfc1 e5 13. dxe5 Nxe5 14. Nxe5 Rxe5 15. Bb2 Re8 {With the idea ...d4!} (15... d4 $5 {[%cal Ra4a3]} 16. Bf3 d3 $15) 16. cxd5 cxd5 17. Nf3 Be4 18. bxa4 Rxa4 19. Qb5 Qa5 20. Qxa5 Rxa5 21. Rc7 Rb5 22. Bd4 Bxf3 23. Bxf3 Ne4 24. Rd1 Bxd4 25. Rxd4 Re6 26. Rc2 Ra5 27. Bd1 Rc6 28. Rb2 Rc4 29. Rd3 Rc3 30. Rxc3 Nxc3 $11 {[%mdl 4096] Endgame KRB-KRN} 31. Bb3 b5 32. Kg2 b4 33. Rd2 Kg7 34. Rd4 Nxa2 35. Bxa2 Rxa2 36. Rxb4 {Accuracy: White = 54%, Black = 69%.} 1/2-1/2

[Event "GCT Cote d Ivoire Rapid 2019"]
[Site "Abidjan"]
[Date "2019.05.08"]
[Round "2.2"]
[White "Nakamura, Hikaru"]
[Black "Karjakin, Sergey"]
[Result "1/2-1/2"]
[WhiteElo "2805"]
[BlackElo "2773"]
[Annotator "TA"]
[PlyCount "205"]
[EventDate "2019.05.05"]
[EventType "tourn"]
[SourceTitle "playchess.com"]
[Source "ChessBase"]
[SourceQuality "1"]

{[%evp 9,205,9,14,15,8,8,11,11,11,14,12,6,8,8,0,3,20,21,17,12,6,18,14,0,0,0,0,0,5,12,0,13,14,-14,4,0,16,0,0,-3,29,12,15,0,0,0,0,0,0,0,33,33,34,27,14,26,25,35,198,195,201,170,281,332,331,327,314,302,245,0,0,0,0,0,0,0,0,0,8,15,40,8,8,8,8,8,59,59,59,59,77,77,77,77,77,77,102,102,102,102,116,116,116,116,116,116,116,116,584,102,102,102,102,102,102,102,102,102,102,102,102,102,102,102,102,102,102,102,102,102,102,102,102,102,102,102,102,102,102,102,102,102,102,102,102,102,102,102,102,102,102,93,102,0,102,101,102,102,102,102,102,102,102,102,102,102,110,102,102,102,102,102,102,102,101,0,102,8,102,8,102,102,102,102,102,102,102,102,102,97,816,98,100,8,8,-8,0,0]} 1. e4 e5 2. Nf3 Nc6 3. Bb5 Nf6 4. d3 Bc5 5. O-O Nd4 6. Be3 {C65: Ruy Lopez: Berlin Defence (3...Nf6), unusual lines and 4 0-0 Bc5} Nxf3+ 7. Qxf3 Bxe3 8. Qxe3 c6 9. Bc4 O-O 10. Bb3 d6 11. Nd2 a5 $146 {Strongly threatening ...a4.} ({Predecessor:} 11... Re8 12. f4 Be6 13. Kh1 exf4 14. Qxf4 {0-1 (52) Sutovsky,E (2647)-Jakovenko,D (2735) Poikovsky 2018}) 12. a4 Be6 13. Bxe6 fxe6 14. Qe2 Qc7 15. c3 Nd7 16. g3 h6 17. Kg2 Rf7 18. d4 exd4 19. cxd4 d5 20. Ra3 Qb6 21. Qd3 Rd8 ({But not} 21... Qxb2 $2 22. Rb1 $18) 22. Rb3 Qc7 23. Qe2 Nb6 24. Ra1 Nd7 25. Rf3 Rdf8 26. Raa3 Qb6 27. exd5 exd5 28. Rxf7 Rxf7 29. Rb3 Qc7 30. Qe8+ Rf8 31. Qe6+ Rf7 32. Nf3 Nf8 33. Qe8 Kh7 $2 ({Black should play} 33... Re7 $14 34. Qa8 g6) 34. Ne5 $18 Rf6 35. h4 b6 (35... c5 $142) 36. Rf3 Rxf3 37. Kxf3 (37. Nxf3 Nd7 $18) 37... Qd6 38. Qxc6 ({Not} 38. Nxc6 Ne6 $14) 38... Qb4 39. Qe8 $2 (39. Qxd5 $18 {Hoping for Nc6.} Qxa4 40. Kg2) 39... Qxd4 $11 {[%csl Gd5][%cal Rd4e4]} 40. Kg2 Qe4+ 41. f3 Qe2+ 42. Kh3 d4 43. Qb5 Qxb5 (43... Qe1 {looks sharper.} 44. Ng4 Qh1+ 45. Nh2 Qd1 46. Qf5+ Kg8) 44. axb5 {[%mdl 4096] Endgame KN-KN} Ne6 45. Kg2 Nc7 46. Nc4 Nxb5 47. Kf2 a4 (47... Kg6 $11) 48. Ke2 $1 $14 Kg6 49. Kd3 Kf7 50. Nxb6 a3 51. bxa3 Nxa3 52. Kxd4 Nb5+ 53. Ke5 Nc3 54. Nc4 Kg6 55. g4 Kh7 56. Nd2 Kg6 57. Ne4 Ne2 58. f4 Ng1 $2 {[%mdl 8192] [#]} (58... Kf7 $16 {is tougher.} 59. h5 Kg8) 59. h5+ $2 (59. Ke6 $1 $18 {and the rest is easy. Threatens to win with Nd6.} Kh7 60. Kf7) 59... Kh7 $16 60. Nd2 Ne2 61. Nf3 Kg8 62. Nd4 Nc3 63. Nc6 Ne2 64. Ne7+ Kf7 65. Nf5 Kg8 66. Nd6 Kh7 67. Ne8 Kg8 68. Nc7 Kf7 69. Nb5 Kg8 70. Ke4 Kf8 71. Ke3 Nc1 72. Nd4 Na2 73. Kd3 Nb4+ 74. Kc4 Na6 75. Nb5 Ke7 76. Nc3 Kf7 77. Nd5 Nb8 78. Kc5 Nd7+ 79. Kd6 Nf8 80. Nc7 Nh7 81. Nd5 Nf8 $1 82. Ne3 Ne6 83. Ke5 Nf8 84. Nc4 Nd7+ 85. Kf5 Nc5 86. Nd6+ Kg8 87. Ne4 Nd7 88. g5 hxg5 89. fxg5 Kh7 90. Ke6 Nb6 91. Kf7 Nc4 {[#]} 92. Ke6 ({White should try} 92. Nc5 $1 $16) 92... Ne3 (92... Nb6 $1 $11) 93. Ng3 (93. Ke5 $16) 93... Nc4 (93... Ng4 $1 $11) 94. Ne2 ({Better is} 94. Nf5 $16 {g6+ would kill now.} Kg8 95. Ne7+ Kf8 96. Nc6) 94... Kg8 (94... g6 $11 {keeps the balance.}) 95. Nd4 Ne3 96. Nf5 Ng2 97. Ne7+ Kh7 98. Nd5 Kg8 99. g6 {Threatening mate with h6!} Kf8 $2 {[%mdl 8192]} (99... Nh4 $16 100. Nf4 Nf3) 100. h6 $2 (100. Kf5 $18) 100... Nh4 101. Ne7 (101. h7 $16 {[%cal Rh7h8]} Nxg6 102. Nb6) 101... gxh6 $11 102. Nf5 Nxg6 103. Nxh6 {Accuracy: White = 53%, Black = 62%.} 1/2-1/2

[Event "GCT Cote d Ivoire Rapid 2019"]
[Site "Abidjan"]
[Date "2019.05.08"]
[Round "2.3"]
[White "Nepomniachtchi, Ian"]
[Black "Carlsen, Magnus"]
[Result "0-1"]
[WhiteElo "2776"]
[BlackElo "2867"]
[Annotator "TA"]
[PlyCount "72"]
[EventDate "2019.05.05"]
[EventType "tourn"]
[SourceTitle "playchess.com"]
[Source "ChessBase"]
[SourceQuality "1"]

{[%evp 15,94,-7,3,-28,-3,-8,-13,-18,19,14,0,-5,0,10,0,-15,-21,-24,-5,-14,-14,-25,2,11,9,-28,25,37,14,0,0,0,0,0,-7,-35,-39,-29,-37,-29,-29,-62,0,-240,-240,-240,-240,-236,-236,-236,-220,-376,-376,-346,-333,-445,-302,-387,-302,-302,-302,-387,-387,-376,-372,-602,-599,-608,-608,-593,-580,-575,-448,-4132,-1084,-29986,-29987,-29989,-29990,-29991,-29992]} 1. e4 c5 2. Nf3 Nc6 3. d4 cxd4 4. Nxd4 e5 5. Nb5 d6 6. N1c3 a6 7. Na3 Be7 8. g3 Nf6 9. Bg2 {B32: Sicilian: Löwenthal and Kalashnikov Variations} b5 (9... Bg4 10. Qd3 b5 11. Nd5 Nxd5 12. exd5 Nb8 13. c4 O-O 14. O-O Nd7 15. Be3 f5 16. f4 exf4 17. gxf4 {½-½ (28) Kulaots,K (2578)-Kovalevskaya,E (2462) Moscow 2016}) 10. Nd5 Nxd5 $146 ({Predecessor:} 10... h5 11. c4 h4 12. Be3 Rb8 13. cxb5 axb5 14. Rc1 Nxd5 15. Qxd5 Nb4 {0-1 (32) Blandon Villa,D (2212)-Gallego Alcaraz,A (2433) Bagre Antioquia 2014}) 11. exd5 {The position is equal.} Nb8 12. O-O Nd7 13. c4 O-O 14. cxb5 axb5 15. Nc2 f5 16. Nb4 Bf6 17. Nc6 Qe8 18. a4 Nc5 {[%cal Rb5a4]} 19. Be3 {Black must now prevent Bxc5.} Nxa4 20. Qc2 Bd7 (20... Qh5 $142) 21. b3 $11 f4 22. bxa4 fxe3 23. axb5 Rxa1 24. Rxa1 Bg5 25. b6 exf2+ 26. Kh1 Bc8 {And now ...e4! would win.} 27. Rf1 $1 Qf7 $36 {[%mdl 2048] Black fights for an advantage.} 28. Qe2 e4 (28... Bh6 $15) 29. h4 $2 (29. Qxe4 $11 {and White stays safe.} Ba6 30. Qe6 Bxf1 31. Bxf1) 29... e3 $1 $19 {Strongly threatening ...Bf4!} ({Worse is} 29... Qxd5 30. Nb4 $11) 30. hxg5 {Hoping for Kh2.} Re8 $1 31. Kh2 {[#]} Bg4 $1 {[%mdl 512]} 32. Qxg4 e2 33. b7 $2 (33. Nd8 {keeps fighting.} exf1=N+ 34. Bxf1 Rxd8 35. Qb4) 33... Qxb7 34. Rxf2 e1=Q 35. Qf5 Qe3 36. Rf3 Qe4 {Played: Qe3-e2} 0-1

[Event "GCT Cote d Ivoire Rapid 2019"]
[Site "Abidjan"]
[Date "2019.05.08"]
[Round "2.4"]
[White "Wei, Yi"]
[Black "Amin, Bassem"]
[Result "1-0"]
[WhiteElo "2737"]
[BlackElo "2683"]
[Annotator "TA"]
[PlyCount "69"]
[EventDate "2019.05.05"]
[EventType "tourn"]
[SourceTitle "playchess.com"]
[Source "ChessBase"]
[SourceQuality "1"]

{[%evp 13,69,9,16,12,11,9,18,10,14,4,13,2,11,10,0,0,4,2,17,-15,20,18,20,14,22,30,24,16,23,23,11,0,0,0,0,0,0,0,105,109,112,116,105,112,154,161,147,96,364,400,415,413,520,555,891,863,2075,2072]} 1. d4 Nf6 2. c4 e6 3. g3 Bb4+ 4. Nd2 c5 5. a3 Bxd2+ 6. Qxd2 cxd4 7. Nf3 b6 8. b4 {E00: Catalan Bogo-Indian (3 g3 Bb4+)} (8. Bg2 Bb7 9. O-O Bxf3 10. exf3 Nc6 11. f4 Rc8 12. b3 O-O 13. Bb2 d5 14. cxd5 Nxd5 15. Rfd1 Nc3 16. Bxc3 dxc3 17. Qxc3 Na5 {1-0 (28) Xu,X (2574)-Eljanov,P (2706) China 2018}) 8... Bb7 9. Qxd4 Nc6 10. Qf4 {The position is equal.} d6 11. Bg2 e5 12. Qd2 $146 ({Predecessor:} 12. Qh4 Ne7 13. O-O Qc7 14. c5 bxc5 15. bxc5 Qxc5 {½-½ (60) Shengelia,D (2512)-Brkic,A (2565) Batumi 2018}) 12... Nd4 13. Nxd4 Bxg2 14. Rg1 {With the idea Nf5.} Be4 15. Nb5 Ke7 16. g4 Bc6 17. Nc3 Qd7 18. g5 Ne4 19. Nd5+ Bxd5 $1 20. Qxd5 Nc3 21. Qd3 Na4 22. f4 Rac8 23. f5 g6 24. f6+ Kd8 25. Qb3 Qc6 {[#]} (25... d5 $11 {keeps the balance.}) 26. Be3 $1 $16 Rc7 27. Rd1 Kc8 28. Rg4 Kb8 {[#]} 29. c5 $1 Rd8 30. cxd6 (30. Rxd6 $142 Rxd6 31. cxd6) 30... Qc3+ $2 {[%mdl 8192]} (30... Rcc8 $16 {keeps fighting.}) 31. Qxc3 $18 Rxc3 32. Re4 Rxa3 {Threatens to win with ...Nc3.} 33. Rxe5 {White is clearly winning.} Nb2 34. Rc1 Rxd6 35. Bf4 {Accuracy: White = 85%, Black = 52%.} 1-0